000 00321 a2200133 4500
000 nam a22 7a 4500
005 20260129153021.0
020 _a9781032253978
100 _aEdited By Henry Bial
_91112779
245 _aThe Performance Studies Reader
250 _a4th
260 _bRoutledge
_c2024
942 _cTEXL
999 _c1678375
_d1678375